000 00455nam a2200145Ia 4500
005 20260328104305.0
008 260328s9999||||xx |||||||||||||| ||und||
100 _aAyala Alonso, Enrique
245 0 _aSegunda Modernidad Urbano Arquitectónica Construcción teórica y caracterización del periodo. /
_cEnrique Ayala Alonso
250 _a1a ed.
260 _bUniversidad Autónoma Metropolitana
300 _a171 p.
650 _aURBANISMO
942 _cBK
999 _c10751
_d10751